| 000 | 00577nam a2200193Ia 4500 | ||
|---|---|---|---|
| 008 | 230125s9999 xx 000 0 und d | ||
| 020 | _a0-06-097184-3 | ||
| 041 | _aeng | ||
| 082 |
_a658.314 _bPET |
||
| 100 |
_aPeters T _9111998 |
||
| 245 | _aThriving on chaos -Handbook for a management revolution | ||
| 260 |
_c1987 _bHarper Collins Publishers _aNew Delhi |
||
| 300 | _a706p | ||
| 500 | _aManahement revolution ,Management handbook | ||
| 500 | _aCreativity management;Motivation | ||
| 650 | _aPersonnel management | ||
| 700 |
_aPeters T _9111998 |
||
| 999 |
_c92815 _d92815 |
||